Real Madrid 2000s Starting XI - Statistics

General Stats
  • This quiz has been taken 315 times
  • The average score is 83 of 110
Answer Stats
Hint Answer % Correct
2008/2009 GK Iker Casillas
99%
2007/2008 GK Iker Casillas
99%
2006/2007 GK Iker Casillas
99%
2005/2006 GK Iker Casillas
99%
2004/2005 GK Iker Casillas
99%
2003/2004 GK Iker Casillas
99%
2002/2003 GK Iker Casillas
99%
2001/2002 GK Iker Casillas
99%
2000/2001 GK Iker Casillas
99%
1999/2000 GK Iker Casillas
99%
2004/2005 ST Ronaldo
98%
2003/2004 ST Ronaldo
98%
2002/2003 ST Ronaldo
98%
2008/2009 CB Pepe
95%
2007/2008 CB Pepe
95%
2008/2009 ST Raul
94%
2007/2008 ST Raul
94%
2006/2007 ST Raul
94%
2005/2006 ST Raul
94%
2004/2005 CAM Raul
94%
2003/2004 ST Raul
94%
2002/2003 ST Raul
94%
2001/2002 ST Raul
94%
2000/2001 ST Raul
94%
1999/2000 ST Raul
94%
2005/2006 LM Zinedine Zidane
93%
2004/2005 LM Zinedine Zidane
93%
2003/2004 LM Zinedine Zidane
93%
2002/2003 LM Zinedine Zidane
93%
2001/2002 LM Zinedine Zidane
93%
2008/2009 RB Sergio Ramos
92%
2007/2008 RB Sergio Ramos
92%
2006/2007 RB Sergio Ramos
92%
2005/2006 CB Sergio Ramos
92%
2008/2009 CB Fabio Cannavaro
91%
2007/2008 CB Fabio Cannavaro
91%
2006/2007 CB Fabio Cannavaro
91%
2006/2007 LB Roberto Carlos
91%
2005/2006 LB Roberto Carlos
91%
2004/2005 LB Roberto Carlos
91%
2003/2004 LB Roberto Carlos
91%
2002/2003 LB Roberto Carlos
91%
2001/2002 LB Roberto Carlos
91%
2000/2001 LB Roberto Carlos
91%
1999/2000 LB Roberto Carlos
91%
2005/2006 CM David Beckham
90%
2004/2005 CM David Beckham
90%
2003/2004 CM David Beckham
90%
2004/2005 RM Luis Figo
89%
2003/2004 RM Luis Figo
89%
2002/2003 RM Luis Figo
89%
2001/2002 RM Luis Figo
89%
2000/2001 RM Luis Figo
89%
2008/2009 ST Gonzalo Higuain
85%
2004/2005 ST Michael Owen
85%
2007/2008 ST Ruud van Nistelrooy
85%
2006/2007 ST Ruud van Nistelrooy
85%
2008/2009 RM Arjen Robben
79%
2002/2003 CB Fernando Hierro
77%
2001/2002 CB Fernando Hierro
77%
2000/2001 CB Fernando Hierro
77%
2007/2008 LM Robinho
76%
2006/2007 LM Robinho
76%
2005/2006 RM Robinho
76%
2002/2003 CM Claude Makelele
75%
2001/2002 CM Claude Makelele
75%
2000/2001 CM Claude Makelele
75%
2007/2008 RM Guti
73%
2006/2007 RM Guti
73%
2005/2006 CM Guti
73%
2002/2003 CM Guti
73%
2000/2001 CM Guti
73%
1999/2000 CM Guti
73%
2001/2002 ST Fernando Morientes
72%
1999/2000 ST Fernando Morientes
72%
2008/2009 LM Marcelo
70%
2007/2008 LM Marcelo
70%
2000/2001 LM Steve McManaman
68%
1999/2000 RM Steve McManaman
68%
2007/2008 CM Mahamadou Diarra
65%
2006/2007 CM Mahamadou Diarra
65%
2005/2006 RB Michel Salgado
57%
2004/2005 RB Michel Salgado
57%
2003/2004 RB Michel Salgado
57%
2002/2003 RB Michel Salgado
57%
2001/2002 RB Michel Salgado
57%
2000/2001 RB Michel Salgado
57%
1999/2000 RB Michel Salgado
57%
2008/2009 LB Gabriel Heinze
55%
2008/2009 CM Rafael van der Vaart
51%
2006/2007 CB Ivan Helguera
50%
2005/2006 CB Ivan Helguera
50%
2004/2005 CB Ivan Helguera
50%
2003/2004 CM Ivan Helguera
50%
2002/2003 CB Ivan Helguera
50%
2001/2002 CM Ivan Helguera
50%
2000/2001 CM Ivan Helguera
50%
1999/2000 CB Ivan Helguera
50%
2008/2009 CM Fernando Gago
48%
2007/2008 CM Fernando Gago
48%
1999/2000 CM Fernando Redondo
39%
2004/2005 CB Walter Samuel
37%
1999/2000 LM Savio
30%
2006/2007 CM Emerson
28%
2005/2006 CAM Julio Baptista
23%
2003/2004 CB Francisco Pavon
20%
2001/2002 CB Francisco Pavon
20%
2000/2001 CB Aitor Karanka
19%
1999/2000 CB Aitor Karanka
19%
2003/2004 CB Raul Bravo
16%
No matching quizzes found
Score Distribution
Percent of People with Each Score
Percentile by Number Answered
Your Score History
You have not taken this quiz